Full House Quotes - Statistics

General Stats
  • This quiz has been taken 794 times
  • The average score is 12 of 15
Answer Stats
You got it dude Michelle % Correct
Cut it out Joey
99%
How rude Stephanie
98%
Oh my lanta D.J.
96%
Get out nerd-bombers D.J.
96%
Watch the hair huh? Jesse
95%
Well, not persay Jesse
95%
Good morning Joseph Jesse
95%
Hey Mr. T Kimmy
95%
Hey there Tannereenos Kimmy
95%
Wo baby Kimmy
95%
This is nuts Michelle
94%
I need to fix the lock on my door Danny
87%
Shame! Double shame! Nicky and Alex
29%
Have mercy Jessie
23%
Hey chief Harry
16%
No matching quizzes found
Score Distribution
Percent of People with Each Score
Percentile by Number Answered
Your Score History
You have not taken this quiz